000 08275cam a22016697i 4500
001 6qkxb0rk4j3c2qxq
003 LIBRIS
005 20240903141305.0
008 240517s2024 sw |||||||||||000 0|swe|d
020 _a9789144160740
_qhäftad
035 _a(BOKR)9789144160740
035 _a(OCoLC)1434754346
040 _aBOKR
_bswe
_dSsb
_ei
_erda
_c
041 _aswe
082 0 4 _a616.890231
_223/swe
084 _aVlb
_2kssb/8
084 _aVpg
_2kssb/8
245 1 0 _aVårdande vid psykisk ohälsa :
_bpå avancerad nivå /
_cLena Wiklund Gustin (red.).
250 _aFjärde upplagan
264 1 _aLund :
_bStudentlitteratur,
_c[2024]
264 3 _c2024
300 _a588 sidor
_billustrationer
_c26 cm
336 _atext
_btxt
_2rdacontent
337 _aunmediated
_bn
_2rdamedia
338 _avolume
_bnc
_2rdacarrier
520 _aBoken ger läsaren en grund för ett personcentrerat och återhämtningsinriktat vårdande med utgångspunkt i patientens livsvärld.Teman som exempelvis hopplöshet, stigmatisering och försoning, beskrivs i relation till psykisk ohälsa och återhämtning...[Bokinfo]
650 7 _aPsykiatrisk omvårdnad
_0https://id.kb.se/term/sao/Psykiatrisk%20omv%C3%A5rdnad
_2sao
650 2 _aPsychiatric Nursing
650 2 _aMental disorders
_xnursing
650 7 _aPsykiatrisk omvårdnad
_2swemesh
650 0 _aPsychiatric nursing
700 1 _aWiklund Gustin, Lena,
_d1960-
_4edt
_0https://libris.kb.se/c9pszcww4h972kq#it
887 _a{"@id":"6qkxb0rk4j3c2qxq","modified":"2024-08-29T11:17:13.959+02:00"}
_2librisxl
887 _a{"@id":"bv36cq4583717qx5","modified":"2024-08-27T16:17:12.227+02:00"}
_2librisxl
887 _a{"@id":"5pvdpz4r3rkxs84n","modified":"2024-08-05T14:29:43.516+02:00"}
_2librisxl
887 _a{"@id":"8svd15m06hlp8px2","modified":"2024-08-14T13:39:03.638+02:00"}
_2librisxl
887 _a{"@id":"tck028lzrg44b233","modified":"2024-08-13T09:23:37.717+02:00"}
_2librisxl
887 _a{"@id":"8s0ntxtd6wch9qn5","modified":"2024-08-15T10:56:41.3+02:00"}
_2librisxl
887 _a{"@id":"l4790qnmjwxwvznb","modified":"2024-07-23T14:56:45.72+02:00"}
_2librisxl
887 _a{"@id":"q8g1nsq4nb1shlf9","modified":"2024-08-14T10:16:50.251+02:00"}
_2librisxl
887 _a{"@id":"k3cr4hfjh4q0pdj1","modified":"2024-08-30T15:16:55.256+02:00"}
_2librisxl
887 _a{"@id":"8sszqw7362t50bn9","modified":"2024-07-07T01:26:59.751+02:00"}
_2librisxl
887 _a{"@id":"dx30v68bbc7gln7m","modified":"2024-08-29T15:46:34.758+02:00"}
_2librisxl
887 _a{"@id":"dxv0cj33b1ffp1j1","modified":"2024-06-10T11:16:33.409+02:00"}
_2librisxl
887 _a{"@id":"j29mdbtmgc8d1mwh","modified":"2024-08-21T10:44:52.076+02:00"}
_2librisxl
887 _a{"@id":"g005z8p6d55qjjk0","modified":"2024-08-05T10:17:27.53+02:00"}
_2librisxl
887 _a{"@id":"dx5rsw8jbbhwd2q3","modified":"2024-08-23T13:32:06.538+02:00"}
_2librisxl
887 _a{"@id":"p7c6lhx9m54rtv8x","modified":"2024-07-30T12:28:20.728+02:00"}
_2librisxl
887 _a{"@id":"7r0xh6rf5f4v9tm5","modified":"2024-08-26T08:00:43.554+02:00"}
_2librisxl
887 _a{"@id":"0js2fn9jxm6w066h","modified":"2024-08-29T11:32:34.478+02:00"}
_2librisxl
887 _a{"@id":"6qsb2l3z40br23k5","modified":"2024-07-10T12:54:44.864+02:00"}
_2librisxl
887 _a{"@id":"3mp7zj8t1wm0v0tn","modified":"2024-07-10T12:54:52.029+02:00"}
_2librisxl
887 _a{"@id":"r9jrl1tbp1zc4vrx","modified":"2024-08-29T11:07:01.965+02:00"}
_2librisxl
887 _a{"@id":"fz6f8rnmc2z96m0j","modified":"2024-08-29T08:29:04.394+02:00"}
_2librisxl
887 _a{"@id":"6qmzkl6143qq2hd8","modified":"2024-06-03T13:16:50.62+02:00"}
_2librisxl
887 _a{"@id":"r961bp4tp4xzfv0s","modified":"2024-05-30T09:16:41.849+02:00"}
_2librisxl
887 _a{"@id":"tchr0qwrr26fcvjm","modified":"2024-08-14T10:54:43.748+02:00"}
_2librisxl
887 _a{"@id":"g06jlf1ndnpwxwv5","modified":"2024-08-19T15:44:34.723+02:00"}
_2librisxl
887 _a{"@id":"4nqgbzc02zrnfdzg","modified":"2024-07-12T01:00:27.72+02:00"}
_2librisxl
887 _a{"@id":"g043clsgdwwbtkw9","modified":"2024-07-31T15:19:22.883+02:00"}
_2librisxl
887 _a{"@id":"n6g71359ls154t33","modified":"2024-09-02T16:17:30.955+02:00"}
_2librisxl
887 _a{"@id":"0js26g2vx1pmh0dk","modified":"2024-08-29T09:55:16.48+02:00"}
_2librisxl
887 _a{"@id":"n63kq5bbl035t6jw","modified":"2024-07-12T13:37:25.299+02:00"}
_2librisxl
887 _a{"@id":"zhd4sqrqwpffp25n","modified":"2024-08-19T09:03:29.478+02:00"}
_2librisxl
887 _a{"@id":"vdgl8356szvfmzm3","modified":"2024-07-15T11:13:13.298+02:00"}
_2librisxl
887 _a{"@id":"7rwqntcn5s2rc7fb","modified":"2024-07-30T09:16:35.863+02:00"}
_2librisxl
887 _a{"@id":"r96j0q4rp1j48v66","modified":"2024-06-03T12:17:08.789+02:00"}
_2librisxl
900 1 s _6700
_d1960-
_uWiklund Gustin, Lena,
_d1960-
900 1 s _6700
_d1960-
_uWiklund Gustin, Lena,
_d1960-
900 1 s _6700
_d1960-
_uWiklund Gustin, Lena,
_d1960-
942 _2z
_cBOOK
999 _c59691
_d59691